000 00659nam a2200253Ia 4500
003 OSt
005 20221006151832.0
006 a|||||r|||| 00| 0
007 ta
008 221006b |||||||| |||| 00| 0 eng d
024 _a23,584
037 _cTextual
040 _aEASL
_cEASL
_beng
041 _2eng
_aeng
082 _aa43,142,N81, M6;1
100 _aJAPAN FOUNDATION
245 0 _aCatalogue of books in English on Japan
260 _aTokyo
_bJapan Foundation
_c1986
300 _a726p.
_ccm.
490 _v RR
650 _aJEL
942 _ha43,142,N81, M6;1
_cTEXL
_2CC
999 _c1091670
_d1091670